Представление документа в формате MARC21

Поле Инд. ПП Название Значение
Тип записи a
Библиографический уровень m
001 Контрольный номер RU/LIBMSTU/258651577
005 Дата корректировки 20200520142221.2
008 Кодируемые данные 080317|||||||||ru |||||||||||000|||rus||
020 a ISBN 978-5-468-00103-5
c Цена, тираж 69-90
040 b Код языка каталог. rus
041 0_ a Код языка текста rus
084 a Индекс другой классификации/Индекс ББК 67.401.0
090 a Полочн. индекс 67.401
x Авторский знак К 63
245 10 a Заглавие Комментарий к Федеральному закону "О системе государственной службы Российской Федерации"
c Ответственность [А. Н. Козырин и др.] ; под ред. А. Н. Козырина
260 a Место издания Москва
b Издательство Норма
c Дата издания 2007
300 a Объем 190, [1] с.
440 _0 a Серия Комментарии "Нормы"
650 04 a Основная рубрика Государственная служба-Российская Федерация-Законодательные материалы-Комментарии
653 0_ a Ключевые слова Государственная служба
653 1_ a Ключевые слова Государственные служащие
653 1_ a Ключевые слова Военная служба
653 1_ a Ключевые слова Правоохранительная служба
653 1_ a Ключевые слова Стаж службы
700 12 a Другие авторы Козырин А. Н.
e Роль лиц авт.-ред.
901 t Тип документа m